Potreba a možnosti zvyšovania biologickej hodnoty chleba

Bibliographic Details
Main Author: Šatura, Dezider (Author)
Format: Article
Language:Slovak

MARC

LEADER 00000nab a2200000 a 4500
001 vtls011731730
003 SK-MaSNL
005 20260303114835.0
008 230127|1959 xo |||||||||||||||||slo
015 |a SNBRB 
035 |a (urnnbn)urn:nbn:sk:snk:ar-a06966 
035 |a urn:nbn:sk:snk-abf9cb 
035 |a (uuid)0d11d627-9cde-4d9d-aba1-054fede17d65 
040 |a SNKBUCL  |b slo  |c SNKBUCL  |e AACR2 
041 0 |a slo 
044 |a xo  |c SK 
100 1 |a Šatura, Dezider  |4 aut  |9 1125727 
245 1 0 |a Potreba a možnosti zvyšovania biologickej hodnoty chleba  |c Dezider Šatura 
773 0 |t Naša veda : časopis SAV  |g Roč. 6, č. 6 (1959), s. 271-274 
954 |a odborná, vedecká literatúra pôvodná (slovenská)  |2 lita 
958 |a OND 
958 |a EUIPO 
958 |a article24 
999 |c 1900819  |d 1902749